The South Beach Heart Programme: (Record no. 594609)
[ view plain ]
| 000 -LEADER | |
|---|---|
| fixed length control field | 00381nam a22001337a 4500 |
| 003 - CONTROL NUMBER IDENTIFIER | |
| control field | NUST |
| 020 ## - INTERNATIONAL STANDARD BOOK NUMBER | |
| International Standard Book Number | 9781405095471 |
| 082 ## - DEWEY DECIMAL CLASSIFICATION NUMBER | |
| Classification number | 616.1 |
| Author Mark | AGA |
| 100 ## - MAIN ENTRY--PERSONAL NAME | |
| Personal name | Agatston, Arthur |
| 9 (RLIN) | 112032 |
| 245 ## - TITLE STATEMENT | |
| Title | The South Beach Heart Programme: |
| Remainder of title | a 4-step plan that can save your life\ |
| Statement of responsibility, etc. | Dr Arthur Agatston |
| 260 ## - PUBLICATION, DISTRIBUTION, ETC. | |
| Place of publication, distribution, etc. | London; |
| Name of publisher, distributor, etc. | Rodale, |
| Date of publication, distribution, etc. | 2007. |
| 300 ## - PHYSICAL DESCRIPTION | |
| Extent | 276p. ; |
| Other physical details | Paperback |
| 942 ## - ADDED ENTRY ELEMENTS (KOHA) | |
| Source of classification or shelving scheme | |
| Koha item type | Book |
| Withdrawn status | Lost status | Source of classification or shelving scheme | Damaged status | Not for loan | Permanent Location | Current Location | Shelving location | Date acquired | Total Checkouts | Full call number | Barcode | Date last seen | Price effective from | Koha item type |
|---|---|---|---|---|---|---|---|---|---|---|---|---|---|---|
| School of Mechanical & Manufacturing Engineering (SMME) | School of Mechanical & Manufacturing Engineering (SMME) | General Stacks | 05/02/2023 | 616.1 AGA | SMME-3834 | 05/02/2023 | 05/02/2023 | Book |
